Normal view MARC view
  • RIEDEL, STEFAN ,MORSE STEPHEN A. , MIETZNER, TIMOTHY AND MILLER, STEVE

Entry Personal Name

Number of records used in: 1

001 - CONTROL NUMBER

  • control field: 8379

003 - CONTROL NUMBER IDENTIFIER

  • control field: JRU

005 - DATE AND TIME OF LATEST TRANSACTION

  • control field: 20240110121338.0

008 - FIXED-LENGTH DATA ELEMENTS

  • fixed length control field: 240110|| aca||aabn | a|a d

040 ## - CATALOGING SOURCE

  • Original cataloging agency: JRU
  • Transcribing agency: JRU

100 ## - HEADING--PERSONAL NAME

  • Personal name: RIEDEL, STEFAN ,MORSE STEPHEN A. , MIETZNER, TIMOTHY AND MILLER, STEVE

670 ## - SOURCE DATA FOUND

  • Source citation: Work cat.: (JRU)7452: RIEDEL, STEFAN ,MORSE STEPHEN A. , MIETZNER, TIMOTHY AND MILLER, STEVE, MEDICAL MICROBIOLOGY